The image processing handbook /
Guardado en:
| Autor Principal: | |
|---|---|
| Formato: | Libro |
| Idioma: | English |
| Publicado: |
Boca Raton, FL :
CRC Press,
[1998], c1999.
|
| Edición: | 3rd ed. |
| Materias: | |
| Etiquetas: |
Agregar Etiqueta
Sin Etiquetas, Sea el primero en etiquetar este registro!
|
| LEADER | 00763cam a22002175a 4500 | ||
|---|---|---|---|
| 001 | EIQ.libpla004066 | ||
| 008 | 980520t19981999flua#####bf###001#0#eng#d | ||
| 005 | 20080514173531.0 | ||
| 245 | 1 | 4 | |a The image processing handbook / |c John C. Russ. |
| 250 | |a 3rd ed. | ||
| 260 | |a Boca Raton, FL : |b CRC Press, |c [1998], c1999. | ||
| 300 | |a 771 p. : |b il. (algunas col.) ; |c 27 cm. | ||
| 504 | |a Incluye referencias bibliográficas (p. 747-762) e índice. | ||
| 020 | |a 0849325323 (alk. paper) | ||
| 100 | 1 | |a Russ, John C. | |
| 082 | 0 | 0 | |a 621.36/7 |2 21 |
| 650 | 4 | |a Procesamiento de imagen |x Handbook, manuals, etc. | |
| 650 | 4 | |a Image processing |x Handbook, manuals, etc. | |
| 010 | |a 98024465 | ||
| 040 | |a DLC |c DLC |d AR-BbSID | ||
| 859 | |a AR-BbSID |b BIB. PLAPIQUI |h 621.367 |i R 91 |p 5460 | ||
